Countries as Circles - Asia - Map Quiz - Statistics

General Stats
  • This quiz has been taken 43 times
  • The average score is 30 of 50
Answers on the Map
Answers color-coded by a green-red scale on the quiz's map according to % correct below.
 
Answer Stats
Answer % Correct
Saudi Arabia
85%
Bahrain
73%
Qatar
73%
Bhutan
69%
Cyprus
69%
Kuwait
69%
Maldives
69%
Oman
69%
Russia
69%
United Arab Emirates
69%
Yemen
69%
Afghanistan
65%
China
65%
India
65%
Iran
65%
Iraq
65%
Palestine
65%
Bangladesh
62%
Jordan
62%
Kazakhstan
62%
Myanmar
62%
Nepal
62%
North Korea
62%
Pakistan
62%
South Korea
62%
Sri Lanka
62%
Turkey
62%
Armenia
58%
Georgia
58%
Indonesia
58%
Israel
58%
Kyrgyzstan
58%
Lebanon
58%
Mongolia
58%
Syria
58%
Azerbaijan
54%
Brunei
54%
Japan
54%
Malaysia
54%
Thailand
54%
Uzbekistan
54%
Vietnam
54%
Cambodia
50%
East Timor
50%
Laos
50%
Tajikistan
50%
Turkmenistan
50%
Taiwan
46%
Singapore
42%
Philippines
35%
No matching quizzes found
Score Distribution
Percent of People with Each Score
Percentile by Number Answered
Your Score History
You have not taken this quiz